000
00341nam a2200145Ia 4500
005
20250508071727.0
008
240331s9999 xx 000 0 und d
082
_b
THA
_a
891
100
_a
Thamaraichelvi,
245
0
_a
Vinnil alla vidivelli
260
_a
Jaffna
_b
Meera Veliyeedu
_c
1992
300
_a
114 p .,
650
_a
Novel
942
_c
L
999
_c
4290
_d
4290